| 000 | 01067nam a2200325 i 4500 | ||
|---|---|---|---|
| 999 |
_c200444990 _d63202 |
||
| 003 | TR-AnTOB | ||
| 005 | 20230117083942.0 | ||
| 007 | ta | ||
| 008 | 080317s1995 tu f 000 0 tur | ||
| 040 |
_aTR-AnTOB _beng _erda _cTR-AnTOB |
||
| 041 | 0 | _atur | |
| 050 | 4 |
_aHG295.J3 _bJ37 1995 |
|
| 090 |
_aHG295.J3 _bJ37 1995 |
||
| 245 | 0 | 0 |
_aJaponya altın mücevherat dış pazar araştırması / _chazırlayan: Birsen Yılmaz. |
| 264 | 1 |
_aAnkara : _bİGEME, _c1995. |
|
| 300 |
_a65 pages : _btables ; _c27 cm |
||
| 336 |
_2rdacontent _atext _btxt |
||
| 337 |
_2rdamedia _aunmediated _bn |
||
| 338 |
_2rdacarrier _avolume _bnc |
||
| 490 | 0 |
_aPazar araştırma dizisi ; _vno: 9 |
|
| 504 | _aBIB | ||
| 650 | 7 |
_aAltın _zJaponya _2etuturkob _9123367 |
|
| 650 | 7 |
_aMücevherat _zJaponya _2etuturkob _980850 |
|
| 650 | 7 |
_aPazar araştırmaları _zJaponya _2etuturkob _9134188 |
|
| 700 | 1 |
_aYılmaz, Birsen _eeditor _918690 |
|
| 710 | 2 |
_aİhracatı Geliştirme Etüd Merkezi (Türkiye) _933777 |
|
| 942 |
_2lcc _cBK |
||